|
|
|
|
| LEADER |
02581nam a2200445 a 4500 |
| 001 |
EBC408317 |
| 003 |
MiAaPQ |
| 005 |
20200520144314.0 |
| 006 |
m o d | |
| 007 |
cr cn||||||||| |
| 008 |
920416s1992 iluad sb 001 0 eng d |
| 010 |
|
|
|z 92015620
|
| 020 |
|
|
|z 0226066339 (alk. paper)
|
| 020 |
|
|
|z 9780226066332
|
| 020 |
|
|
|a 9780226066707 (electronic bk.)
|
| 035 |
|
|
|a (MiAaPQ)EBC408317
|
| 035 |
|
|
|a (Au-PeEL)EBL408317
|
| 035 |
|
|
|a (CaPaEBR)ebr10453061
|
| 035 |
|
|
|a (CaONFJC)MIL441704
|
| 035 |
|
|
|a (OCoLC)476228535
|
| 040 |
|
|
|a MiAaPQ
|c MiAaPQ
|d MiAaPQ
|
| 043 |
|
|
|a n-us---
|
| 050 |
|
4 |
|a HD8081.A5
|b I52 1992
|
| 082 |
0 |
4 |
|a 331.6/2/0973
|2 20
|
| 245 |
0 |
0 |
|a Immigration and the work force
|h [electronic resource] :
|b economic consequences for the United States and source areas /
|c edited by George J. Borjas and Richard B. Freeman.
|
| 260 |
|
|
|a Chicago :
|b University of Chicago Press,
|c 1992.
|
| 300 |
|
|
|a ix, 281 p. :
|b ill.
|
| 490 |
1 |
|
|a A National Bureau of Economic Research project report
|
| 504 |
|
|
|a Includes bibliographical references and indexes.
|
| 505 |
0 |
|
|a 1. National origin and the skills of immigrants in the postwar period / George J. Borjas -- 2. Out-migration and return migration of Puerto Ricans / Fernando A. Ramos -- 3. The assimilation of immigrants in the U.S. labor market / Robert J. LaLonde and Robert H. Topel -- 4. The fertility of immigrant women : evidence from high-fertility source countries / Francine D. Blau -- 5. Mass emigration, remittances, and economic adjustment : the case of El Salvador in the 1980s / Edward Funkhouser -- 6. When the minimum wage really bites : the effect of the U.S.-level minimum on Puerto Rico / Alida J. Castillo-Freeman and Richard B. Freeman -- 7. On the labor market effects of immigration and trade / George J. Borjas, Richard B. Freeman, and Lawrence F. Katz -- 8. The effect of immigrant arrivals on migratory patterns of native workers / Randall K. Filer.
|
| 533 |
|
|
|a Electronic reproduction. Ann Arbor, MI : ProQuest, 2015. Available via World Wide Web. Access may be limited to ProQuest affiliated libraries.
|
| 650 |
|
0 |
|a Foreign workers
|z United States.
|
| 650 |
|
0 |
|a Labor market
|z United States.
|
| 650 |
|
0 |
|a Emigrant remittances.
|
| 655 |
|
4 |
|a Electronic books.
|
| 700 |
1 |
|
|a Borjas, George J.
|
| 700 |
1 |
|
|a Freeman, Richard B.
|q (Richard Barry),
|d 1943-
|
| 710 |
2 |
|
|a ProQuest (Firm)
|
| 830 |
|
0 |
|a National Bureau of Economic Research project report.
|
| 856 |
4 |
0 |
|u https://ebookcentral.proquest.com/lib/matrademy/detail.action?docID=408317
|z Click to View
|